Torpedo. Obra completa
Wedi'i Gadw mewn:
| Prif Awdur: | |
|---|---|
| Awduron Eraill: | |
| Fformat: | Llyfr |
| Cyhoeddwyd: |
Barcelona, España:
Ediciones Glénat España, S.L.,
2004.
|
| Pynciau: | |
| Tagiau: |
Ychwanegu Tag
Dim Tagiau, Byddwch y cyntaf i dagio'r cofnod hwn!
|
MARC
| LEADER | 00000nam a22000007a 4500 | ||
|---|---|---|---|
| 003 | CL-VaPUC | ||
| 005 | 20250321101916.0 | ||
| 008 | 250113t2004 ||||| |||| 00| 0 spa d | ||
| 999 | |c 446455 |d 446453 | ||
| 020 | |a 84-8449-645-7 | ||
| 040 | |c Pontificia Universidad Católica de Valparaíso | ||
| 082 | 7 | |a 741.5 BER 2004 |2 22 | |
| 100 | 1 | |a Bernet, Jordi |e autor |9 895265 | |
| 245 | |a Torpedo. |b Obra completa | ||
| 260 | |a Barcelona, España: |b Ediciones Glénat España, S.L., |c 2004. | ||
| 300 | |a 5 volúmenes. | ||
| 500 | |a c.1.v.1. Instituto Arcos. | ||
| 583 | |c 20250113 |k GC | ||
| 650 | 0 | |a Cómics |9 369534 | |
| 650 | 0 | |a Novelas gráficas |9 895252 | |
| 700 | |a Sánchez Abulí, Enrique |e autor |9 895266 | ||
| 700 | |4 Toth, Alex |e autor |9 895267 | ||
| 942 | |2 ddc |c BK |n 0 | ||
| 952 | |0 0 |1 0 |2 ddc |4 0 |6 741_500000000000000_BER_2004 |7 0 |8 A |9 599170 |a BIBINC |b BIBINC |d 2025-01-13 |e Instituto Arcos |h v.1 |i 5664144 |o 741.5 BER 2004 |p 5664144 |r 2025-01-13 |t 1 |w 2025-01-13 |y BK |k IFP | ||